[Event "Batatais op 3rd"]
[Site "Batatais"]
[Date "2013.12.22"]
[Round "6"]
[White "Silva, Fabio Henrique Cord"]
[Black "Bonvini, Alberto Tonhati"]
[Result "1/2-1/2"]
[WhiteElo "1908"]
[BlackElo "1662"]
[PlyCount "47"]
[EventDate "2013.12.20"]
[EventType "swiss"]
[EventRounds "6"]
[EventCountry "BRA"]
[SourceTitle "CBM 158 Extra"]
[Source "ChessBase"]
[SourceDate "2014.02.28"]
[SourceVersion "1"]
[SourceVersionDate "2014.02.28"]
[SourceQuality "1"]

1. e4 e5 2. Nf3 Nc6 3. d4 exd4 4. Nxd4 Nf6 5. Nxc6 bxc6 6. e5 Qe7 7. Qe2 Nd5 8. c4 Ba6 9. b3 0-0-0 10. g3 f6 11. f4 fxe5 12. fxe5 Qf7 13. Bh3 Re8 14. Bb2 Nb6 15. Nd2 Bc5 16. 0-0-0 Bb7 17. Ne4 Qe7 18. Kb1 Ba3 19. Bc3 Bb4 20. Bb2 Ba3 21. Ba1 Kb8 22. Rhf1 d5 23. Nd2 Ba6 24. Bc3 1/2-1/2

[Event "Batatais op 3rd"]
[Site "Batatais"]
[Date "2013.12.21"]
[Round "3.15"]
[White "Silva, Fabio Henrique Cord"]
[Black "Ribeiro, Marcos Willian de S"]
[Result "1/2-1/2"]
[WhiteElo "1908"]
[BlackElo "1925"]
[PlyCount "41"]
[EventDate "2013.12.20"]
[EventType "swiss"]
[EventRounds "6"]
[EventCountry "BRA"]
[SourceTitle "EXT 2022"]
[Source "ChessBase"]
[SourceDate "2021.10.06"]
[SourceVersion "1"]
[SourceVersionDate "2021.10.06"]
[SourceQuality "1"]

1. e4 c5 2. Nf3 d6 3. d4 cxd4 4. Nxd4 Nf6 5. Nc3 g6 6. Be3 Bg7 7. Be2 0-0 8. 0-0 Nc6 9. Nb3 a5 10. a4 Nb4 11. f4 d5 12. e5 Ne4 13. Nxe4 dxe4 14. c3 Nd5 15. Bd4 Bh6 16. g3 Bh3 17. Re1 e6 18. Bg4 Bxg4 19. Qxg4 Nb6 20. Rxe4 Nc4 21. Re2 1/2-1/2

[Event "Batatais op 3rd"]
[Site "Batatais"]
[Date "2013.12.20"]
[Round "2.24"]
[White "Carlos, Roberta Souto"]
[Black "Silva, Fabio Henrique Cord"]
[Result "0-1"]
[WhiteElo "1670"]
[BlackElo "1908"]
[PlyCount "86"]
[EventDate "2013.12.20"]
[EventType "swiss"]
[EventRounds "6"]
[EventCountry "BRA"]
[SourceTitle "EXT 2022"]
[Source "ChessBase"]
[SourceDate "2021.10.06"]
[SourceVersion "1"]
[SourceVersionDate "2021.10.06"]
[SourceQuality "1"]

1. d4 Nf6 2. c4 g6 3. Nc3 Bg7 4. e3 0-0 5. Nf3 d5 6. Be2 c5 7. dxc5 Qa5 8. cxd5 Nxd5 9. 0-0 Nxc3 10. bxc3 Qxc5 11. Rb1 b6 12. Qb3 Be6 13. c4 Bf5 14. Ba3 Qc7 15. Rbc1 Na6 16. Rfd1 Rfd8 17. Ng5 Nc5 18. Bxc5 bxc5 19. Rd5 h6 20. e4 Bc8 21. Nf3 Be6 22. Rd3 Rxd3 23. Qxd3 Rd8 24. Qb3 Qf4 25. Qc2 Rb8 26. Rb1 Rxb1+ 27. Qxb1 Kh7 28. Bd3 Bf6 29. Kf1 Kg7 30. Ke2 Qg4 31. g3 Qh5 32. Ke3 Bg4 33. Be2 Bxf3 34. Bxf3 Qxh2 35. Qc2 Bd4+ 36. Kd3 Bxf2 37. g4 Qg3 38. Ke2 Bd4 39. Qb3 Qf2+ 40. Kd1 Qf1+ 41. Kc2 Qf2+ 42. Kd1 Be3 43. Be2 Qg1+ 0-1